Southville International School and Colleges
Your cart is empty.
  • Cart
  • Lists
    Public lists Eva Luna New books Lux_list list_1
    Your lists Log in to create your own lists
  • Log in to your account
  • Your cookies
  • Search history
Southville International School and Colleges
  • Advanced search
  • Recent comments
  • Most popular
  • Libraries

Log in to your account

Log in with GOOGLE


If you do not have an external account, but do have a local account, you can still log in:

  1. Home
  2. MARC view: Blue's thanksgiving feast /
Normal view MARC view ISBD view

Blue's thanksgiving feast / (Record no. 355575)

[ view plain ]
MARC details
000 -LEADER
fixed length control field 00502nam a2200193Ia 4500
008 - FIXED-LENGTH DATA ELEMENTS--GENERAL INFORMATION
fixed length control field 180207s9999 xx 000 0 und d
020 ## - INTERNATIONAL STANDARD BOOK NUMBER
International Standard Book Number 978068984185x
050 ## - LIBRARY OF CONGRESS CALL NUMBER
Item number L772 2001
100 ## - MAIN ENTRY--PERSONAL NAME
Personal name Lissy, Jessica
245 ## - TITLE STATEMENT
Title Blue's thanksgiving feast /
245 ## - TITLE STATEMENT
Statement of responsibility, etc by Jessica Lissy ; illustrated by David Cutting.
260 ## - PUBLICATION, DISTRIBUTION, ETC. (IMPRINT)
Place of publication, distribution, etc New York :
260 ## - PUBLICATION, DISTRIBUTION, ETC. (IMPRINT)
Name of publisher, distributor, etc Simon Spotlight,
260 ## - PUBLICATION, DISTRIBUTION, ETC. (IMPRINT)
Date of publication, distribution, etc 2001
300 ## - PHYSICAL DESCRIPTION
Extent unpaged :
300 ## - PHYSICAL DESCRIPTION
Other physical details color illustration ;
300 ## - PHYSICAL DESCRIPTION
Dimensions 20cm.
440 ## - SERIES STATEMENT/ADDED ENTRY--TITLE
Title Blue's clues.
Holdings
Withdrawn status Lost status Damaged status Home library Current library Date acquired Total Checkouts Full call number Barcode Date last seen Price effective from Koha item type
      Stonyhurst Southville International School (Malarayat) Stonyhurst Southville International School (Malarayat) 02/07/2018   ER L772 2001 SSISM5120 02/07/2018 02/07/2018 Books

Blue's thanksgiving feast /

APA

Lissy J., .Blue's thanksgiving feast. New York: .

Chicago

Lissy Jessica, .Blue's thanksgiving feast. New York: .

Harvard

Lissy J., .Blue's thanksgiving feast. New York: .

MLA

Lissy Jessica, .New York: . .

  • Place hold
  • Print
  • Cite
  • Add to your cart (remove)
  • Save record
    BIBTEX Dublin Core MARCXML MARC (non-Unicode/MARC-8) MARC (Unicode/UTF-8) MARC (Unicode/UTF-8, Standard) MODS (XML) RIS
  • More searches
    Search for this title in:
    Other Libraries (WorldCat) Other Databases (Google Scholar) Online Stores (Bookfinder.com) Open Library (openlibrary.org)

Exporting to Dublin Core...

SOUTHVILLE LIBRARY

Southville International School and Colleges Library

1281 Tropical Ave. Cor. Luxembourg St., BF Homes International, Las Pinas City

Tel. No. 8256374 / 252358 Loc. 117/146

Powered by Koha